Statistics for F1 Drivers of 2020s

Click here to take the quiz!

General Stats

  • This quiz has been taken 9 times
    (8 since last reset)
  • The average score is 16 of 27

Answer Stats

SeasonTeamDriver% Correct
2020-presentMercedesLewis Hamilton
100%
2020-presentFerrari, Aston MartinSebastian Vettel
100%
2020-presentWilliams, MercedesGeorge Russell
86%
2020-presentMercedesValtteri Bottas
86%
2020-presentRacing Point, Red BullSergio Pérez
86%
2020-presentRed BullMax Verstappen
86%
2020HaasRomain Grosjean
71%
2020-presentRacing Point, Aston MartinLance Stroll
71%
2020-presentWilliamsNicholas Latifi
71%
2020-presentAlfa RomeoAntonia Giovinazzi
71%
2020Red BullAlexander Albon
71%
2020-presentFerrariCharles Leclerc
57%
2020-presentRenault, AlpineEsteban Ocon
57%
2020-presentMcLaren, FerrariCarlos Sainz Jr
57%
2020-presentRenault, McLarenDaniel Ricciardo
57%
2020-presentMcLarenLando Norris
57%
2020AlphaTauriDaniil Kvyat
57%
2020-presentAlfa RomeoKimi Räikkönen
57%
2020Racing PointNico Hülkenberg
43%
2020HaasKevin Magnussen
43%
2020-presentAlphaTauriPierre Gasly
43%
2020HaasPietro Fittipaldi
43%
2021-presentHaasNikita Mazepin
43%
2021-presentHaasMick Schumacher
43%
2020WilliamsJack Aitken
29%
2021-presentAlpineFernando Alonso
29%
2021-presentAlphaTauriYuki Tsunoda
29%

Score Distribution

Percentile by Number Answered

Percent of People with Each Score

Your Score History

You have not taken this quiz since the last reset